|
|
|
|
| LEADER |
00000nla2a2200000 4500 |
| 001 |
223590 |
| 005 |
20231031200233.0 |
| 035 |
|
|
|a (RuTPU)RU\TPU\book\243850
|
| 035 |
|
|
|a RU\TPU\book\243846
|
| 090 |
|
|
|a 223590
|
| 100 |
|
|
|a 20121012d2011 k y0rusy50 ca
|
| 101 |
0 |
|
|a rus
|
| 102 |
|
|
|a RU
|
| 105 |
|
|
|a y z 101zy
|
| 135 |
|
|
|a drnn ---uucaa
|
| 181 |
|
0 |
|a i
|
| 182 |
|
0 |
|a b
|
| 200 |
1 |
|
|a Поисковые исследования возможности производства из угля марки 3Б высококалорийного топлива с низким содержанием летучих
|b Электронный ресурс
|f М. В. Кулеш
|
| 203 |
|
|
|a Текст
|c электронный
|
| 215 |
|
|
|a 1 файл (330 Кб)
|
| 230 |
|
|
|a Электронные текстовые данные (1 файл : 330 Кб)
|
| 300 |
|
|
|a Заглавие с титульного листа
|
| 300 |
|
|
|a Электронная версия печатной публикации
|
| 337 |
|
|
|a Adobe Reader
|
| 463 |
|
1 |
|0 (RuTPU)RU\TPU\book\241205
|t Энергетика: эффективность, надёжность, безопасность
|o материалы XVII Всероссийской научно-технической конференции, Томск, 7-9 декабря 2011 г.
|f Национальный исследовательский Томский политехнический университет (ТПУ)
|v [С. 220-223]
|d 2011
|
| 610 |
1 |
|
|a топливо
|
| 610 |
1 |
|
|a уголь
|
| 610 |
1 |
|
|a производство
|
| 610 |
1 |
|
|a бурый уголь
|
| 610 |
1 |
|
|a характеристики
|
| 610 |
1 |
|
|a калорийность
|
| 610 |
1 |
|
|a метаморфизм
|
| 610 |
1 |
|
|a калорийность
|
| 610 |
1 |
|
|a электронный ресурс
|
| 700 |
|
1 |
|a Кулеш
|b М. В.
|
| 801 |
|
1 |
|a RU
|b 63413507
|c 20120926
|
| 801 |
|
2 |
|a RU
|b 63413507
|c 20121012
|g RCR
|
| 856 |
4 |
|
|u http://www.lib.tpu.ru/fulltext/v/Conferences/2011/K06/116084.pdf
|
| 942 |
|
|
|c CF
|